000 00323nam a2200133Ia 4500
008 230312s9999||||xx |||||||||||||| ||und||
020 _a978-1938461071
082 _a704.94896
_bGOR-K
100 _aGorlin;Alexander
245 0 _aKabbalah in Art and Architecture
260 _c2013
650 _aArchitecture
942 _cBK
999 _c14610
_d14610